000 00414nam a2200157Ia 4500
008 210716s1983 xx 000 0 und d
020 _a905435257
041 _aeng
082 _a005.362 HOLB
100 _aHolmes, B J.
245 _aBasic programming: an instructional manual.
_bInstructional manual.
250 _a1
260 _aNew Delhi
_bGalgotia Book Source
_c1983
300 _avii,532
650 _aNone
999 _c181372
_d181372